Biblioteki Polonii Amerykańskiej
Biblioteka Instytutu Józefa Piłsudskiego w Ameryce
Library of the Józef Piłsudski Institute of America
Biblioteka imienia Alfreda Jurzykowskiego Polskiego Instytutu Naukowego w Ameryce
The Alfred Jurzykowski Memorial Library of the Polish Institute of Arts & Sciences of America
Biblioteka Marjanczyków Polskiej Fundacji Kulturalnej
The Marjanczyk Library of the Polish Cultural Foundation

Biblioteka Fundacji Kościuszkowskiej
Library of the Kosciuszko Foundation

Wspomnienie o rodzinie Stefana Rzewuskiego. (Record no. 91107)

MARC details
000 -LEADER
fixed length control field 01695nam a2200541 i 4500
001 - CONTROL NUMBER
control field 991008996879705066
003 - CONTROL NUMBER IDENTIFIER
control field NyNyJPI
005 - DATE AND TIME OF LATEST TRANSACTION
control field 20260413193533.0
008 - FIXED-LENGTH DATA ELEMENTS--GENERAL INFORMATION
fixed length control field 170517s2017 pl ahoc |000 0cpol
009 - PHYSICAL DESCRIPTION FIXED-FIELD FOR ARCHIVAL COLLECTION (VM) [OBSOLETE]
fixed length control field b0000005561649
015 ## - NATIONAL BIBLIOGRAPHY NUMBER
National bibliography number UWD 2017/18505
035 ## - SYSTEM CONTROL NUMBER
System control number 991008996879705066
035 ## - SYSTEM CONTROL NUMBER
System control number (PL-WaBN)b55616495-48omnis_nlop
035 ## - SYSTEM CONTROL NUMBER
System control number b55616495
035 ## - SYSTEM CONTROL NUMBER
System control number (OCoLC)995397348
035 ## - SYSTEM CONTROL NUMBER
System control number xx004020815
035 ## - SYSTEM CONTROL NUMBER
System control number (PL)b0000005561649
035 ## - SYSTEM CONTROL NUMBER
System control number (EXLNZ-48OMNIS_NETWORK)9910348047405606
040 ## - CATALOGING SOURCE
Original cataloging agency WA N
Transcribing agency WA N
045 2# - TIME PERIOD OF CONTENT
Formatted 9999 B.C. through C.E. time period d1902
-- d1980
046 ## - SPECIAL CODED DATES
Beginning or single date created 2017
080 ## - UNIVERSAL DECIMAL CLASSIFICATION NUMBER
Universal Decimal Classification number 929.5(438)"19"
084 ## - OTHER CLASSIFICATION NUMBER
Classification number 10
245 00 - TITLE STATEMENT
Title Wspomnienie o rodzinie Stefana Rzewuskiego.
260 ## - PUBLICATION, DISTRIBUTION, ETC.
Place of publication, distribution, etc. [Miejsce nieznane :
Name of publisher, distributor, etc. wydawca nieznany,
Date of publication, distribution, etc. 2017].
300 ## - PHYSICAL DESCRIPTION
Extent 64 strony :
Other physical details ilustracje, faksymilia, fotografie, portrety ;
Dimensions 21 cm.
336 ## - CONTENT TYPE
Content type term Tekst
Content type code txt
Source rdacontent
337 ## - MEDIA TYPE
Media type term Bez urządzenia pośredniczącego
Media type code n
Source rdamedia
338 ## - CARRIER TYPE
Carrier type term Wolumin
Carrier type code nc
Source rdacarrier
380 ## - FORM OF WORK
Form of work Książki
380 ## - FORM OF WORK
Form of work Literatura faktu, eseje, publicystyka
388 1# - TIME PERIOD OF CREATION
Time period of creation term 2001-
500 ## - GENERAL NOTE
General note Opis według okładki.
600 #7 - SUBJECT ADDED ENTRY--PERSONAL NAME
Personal name Rzewuski, Stefan
Dates associated with a name (1902-ok. 1941)
Source of heading or term DBN
600 37 - SUBJECT ADDED ENTRY--PERSONAL NAME
Personal name Rzewuscy
Titles and other words associated with a name (ród)
Source of heading or term DBN
610 #7 - SUBJECT ADDED ENTRY--CORPORATE NAME
Corporate name or jurisdiction name as entry element Junackie Hufce Pracy
Source of heading or term DBN
610 #7 - SUBJECT ADDED ENTRY--CORPORATE NAME
Corporate name or jurisdiction name as entry element Legiony Polskie (1914-1917)
Source of heading or term DBN
610 #7 - SUBJECT ADDED ENTRY--CORPORATE NAME
Corporate name or jurisdiction name as entry element Organizacja Wojskowa "Wilki"
Source of heading or term DBN
610 #7 - SUBJECT ADDED ENTRY--CORPORATE NAME
Corporate name or jurisdiction name as entry element Polska Organizacja Wojskowa
Source of heading or term DBN
610 #7 - SUBJECT ADDED ENTRY--CORPORATE NAME
Corporate name or jurisdiction name as entry element Związek Strzelecki (1919-1939)
Source of heading or term DBN
648 #7 - SUBJECT ADDED ENTRY--CHRONOLOGICAL TERM
Chronological term 1901-2000
Source of heading or term DBN
650 #7 - SUBJECT ADDED ENTRY--TOPICAL TERM
Topical term or geographic name entry element Arystokracja
Source of heading or term DBN
651 #7 - SUBJECT ADDED ENTRY--GEOGRAPHIC NAME
Geographic name Polska
Source of heading or term DBN
651 #7 - SUBJECT ADDED ENTRY--GEOGRAPHIC NAME
Geographic name Stany Zjednoczone (USA)
Source of heading or term DBN
655 #7 - INDEX TERM--GENRE/FORM
Genre/form data or focus term Pamiętniki i wspomnienia
Source of term DBN
658 ## - INDEX TERM--CURRICULUM OBJECTIVE
Main curriculum objective Historia
942 ## - ADDED ENTRY ELEMENTS (KOHA)
Source of classification or shelving scheme Other/Generic Classification Scheme
Koha item type Books
Suppress in OPAC No
Holdings
Withdrawn status Lost status Source of classification or shelving scheme Damaged status Not for loan Home library Current library Date acquired Total checkouts Full call number Date last seen Price effective from Koha item type
    Other/Generic Classification Scheme   Not for loan Józef Piłsudski Institute Józef Piłsudski Institute 04/13/2026   K 1844 04/13/2026 04/13/2026 Books